Countries with Temperate Rainforest - Statistics

General Stats
  • This quiz has been taken 460 times
    450 since last reset
  • The average score is 32 of 39
Answer Stats
Country % Correct
United States
98%
Russia
95%
United Kingdom
95%
Canada
94%
China
94%
Japan
91%
Argentina
90%
Chile
90%
France
90%
India
90%
Spain
90%
Australia
89%
New Zealand
89%
Ireland
85%
South Korea
85%
Turkey
85%
North Korea
84%
Norway
83%
Portugal
83%
South Africa
82%
Greece
80%
Iran
80%
Albania
76%
Bulgaria
75%
Croatia
75%
Vietnam
74%
Serbia
73%
Azerbaijan
72%
Bosnia and Herzegovina
72%
Georgia
71%
Laos
71%
Myanmar
71%
Nepal
71%
North Macedonia
70%
Iceland
69%
Bhutan
68%
Montenegro
67%
Taiwan
67%
Kosovo
66%
No matching quizzes found
Score Distribution
Percent of People with Each Score
Percentile by Number Answered
Your Score History
You have not taken this quiz since the last reset